000 00236nam a2200097Ia 4500
001 964853
005 20250826220234.0
008 250824s9999 xx 000 0 und d
245 0 _aKORKMA KALBİM
_cAHMET BATMAN
260 _bDESTEK YAYINLARI
999 _c964853
_d964853